マリオのパワーアップ - Statistics

General Stats
  • This quiz has been taken 437 times
  • The average score is 17 of 42
Answer Stats
初登場作品 パワーアップ名 % Correct
スーパーマリオブラザーズ ファイアマリオ
91%
スーパーマリオブラザーズ スーパーマリオ
88%
スーパーマリオギャラクシー アイスマリオ
82%
スーパーマリオブラザーズ 無敵マリオ
77%
スーパーマリオブラザーズ3 タヌキマリオ
76%
New スーパーマリオブラザーズ Wii プロペラマリオ
71%
New スーパーマリオブラザーズ Wii ペンギンマリオ
71%
スーパーマリオ3Dワールド ネコマリオ
66%
New スーパーマリオブラザーズU ムササビマリオ
59%
New スーパーマリオブラザーズ 巨大マリオ
58%
スーパーマリオワールド マントマリオ
54%
New スーパーマリオブラザーズ マメマリオ
54%
スーパーマリオブラザーズワンダー ゾウマリオ
53%
スーパーマリオブラザーズ3 カエルマリオ
49%
New スーパーマリオブラザーズ2 ゴールドマリオ
48%
スーパーマリオ64 メタルマリオ
47%
スーパーマリオブラザーズ3 しっぽマリオ
46%
New スーパーマリオブラザーズ コウラマリオ
42%
スーパーマリオギャラクシー ハチマリオ
42%
スーパーマリオ3Dランド ブーメランマリオ
42%
スーパーマリオ3Dランド 地蔵マリオ
40%
スーパーマリオブラザーズ3 ハンマーマリオ
39%
スーパーマリオ64 ハネマリオ
36%
スーパーマリオギャラクシー バネマリオ
35%
スーパーマリオランド スーパーボールマリオ
28%
スーパーマリオワールド バルーンマリオ
28%
スーパーマリオギャラクシー2 雲マリオ
28%
スーパーマリオメーカー2 ビルダーマリオ
28%
スーパーマリオブラザーズワンダー ドリルマリオ
28%
スーパーマリオギャラクシー オバケマリオ
25%
スーパーマリオブラザーズワンダー アワマリオ
25%
スーパーマリオギャラクシー2 ゴロ岩マリオ
22%
New スーパーマリオブラザーズ2 しろしっぽマリオ
21%
スーパーマリオランド2 6つの金貨 バニーマリオ
20%
スーパーマリオ3Dワールド ダブルマリオ
19%
スーパーマリオギャラクシー レインボーマリオ
15%
スーパーマリオ3Dランド しろタヌキマリオ
14%
スーパーマリオ64 スケスケマリオ
13%
スーパーマリオ3Dワールド まねきネコマリオ
13%
スーパーマリオ3Dワールド+フューリーワールド ギガネコマリオ
13%
スーパーマリオギャラクシー フライングマリオ
12%
New スーパーマリオブラザーズU パワームササビマリオ
7%
No matching quizzes found
Score Distribution
Percent of People with Each Score
Percentile by Number Answered
Your Score History
You have not taken this quiz